Loading...
| Fine Arts - Classical Music | 0 | 4 | 0 | 1 | 40 | 65 | 102.50 | 0 | 1 |
| Literature - European Literature | 0 | 3 | 0 | 0 | 30 | 78 | 116.33 | 0 | 0 |
| Literature - British Literature | 0 | 2 | 0 | 1 | 20 | 127 | 137.00 | 0 | 0 |
| Social Science | 0 | 1 | 0 | 0 | 10 | 83 | 83.00 | 0 | 1 |
| History - Other History | 0 | 1 | 0 | 1 | 10 | 130 | 130.00 | 0 | 0 |
| History - World History | 0 | 1 | 0 | 0 | 10 | 82 | 82.00 | 0 | 1 |
| Literature - World/Other Literature | 0 | 1 | 0 | 0 | 10 | 135 | 135.00 | 0 | 0 |
| Religion | 0 | 1 | 0 | 0 | 10 | 100 | 100.00 | 0 | 0 |
| Science - Biology | 0 | 1 | 0 | 1 | 10 | 121 | 121.00 | 0 | 0 |
| Science - Physics | 0 | 1 | 0 | 0 | 10 | 108 | 108.00 | 0 | 0 |
| Fine Arts - Other Fine Arts | 0 | 1 | 0 | 1 | 10 | 135 | 135.00 | 0 | 0 |
| Geography/Current Events | 0 | 1 | 1 | 1 | 5 | 125 | 125.00 | 0 | 0 |
| Literature - American Literature | 0 | 0 | 0 | 0 | 0 | 0.00 | 0 | 0 | |
| Science - Chemistry | 0 | 0 | 1 | 0 | -5 | 0.00 | 0 | 0 | |
| History - European History | 0 | 0 | 1 | 0 | -5 | 0.00 | 0 | 0 |